Исследование процессов обезвоживания нефтей месторождений Западной Сибири с использованием моделирующей системы; Химия нефти и газа

Xehetasun bibliografikoak
Parent link:Химия нефти и газа.— 2003.— С. 283-285
Egile nagusia: Ушева Н. В. Наталья Викторовна
Beste egile batzuk: Кузьменко Е. А. Елена Анатольевна, Мойзес О. Е. Ольга Ефимовна
Hizkuntza:errusiera
Argitaratua: 2003
Gaiak:
Formatua: Liburu kapitulua
KOHA link:https://koha.lib.tpu.ru/cgi-bin/koha/opac-detail.pl?biblionumber=146941

MARC

LEADER 00000naa2a2200000 4500
001 146941
005 20240118105159.0
035 |a (RuTPU)RU\TPU\book\159280 
090 |a 146941 
100 |a 20081106d2003 k y0rusy50 ca 
101 0 |a rus 
102 |a RU 
200 1 |a Исследование процессов обезвоживания нефтей месторождений Западной Сибири с использованием моделирующей системы  |f Н. В. Ушева, Е. А. Кузьменко, О. Е. Мойзес 
320 |a Библиогр.: 4 назв. 
463 0 |0 (RuTPU)RU\TPU\book\66158  |y 5-94458-017-8  |t Химия нефти и газа  |o материалы V Международной конференции, 22-26 сентября 2003 г., Томск  |f Российская академия наук (РАН), Сибирское отделение (СО), Институт химии нефти (ИХН) ; отв. ред. А. К. Головко  |v С. 283-285  |d 2003  |p 629 с. 
610 1 |a нефть 
610 1 |a нефти 
610 1 |a обезвоживание 
610 1 |a Западная Сибирь 
610 1 |a месторождения 
610 1 |a моделирующие системы 
610 1 |a подготовка нефти 
610 1 |a математическое моделирование 
610 1 |a моделирующие системы 
610 1 |a трёхфазные сепараторы 
610 1 |a каплеобразование 
610 1 |a модули 
610 1 |a труды учёных ТПУ 
700 1 |a Ушева  |b Н. В.  |c химик-технолог  |c доцент Томского политехнического университета, кандидат химических наук  |f 1948-  |g Наталья Викторовна  |3 (RuTPU)RU\TPU\pers\24906 
701 1 |a Кузьменко  |b Е. А.  |c химик-технолог  |c доцент Томского политехнического университета, кандидат технических наук  |f 1958-  |g Елена Анатольевна  |3 (RuTPU)RU\TPU\pers\25858  |9 11727 
701 1 |a Мойзес  |b О. Е.  |c химик-технолог, специалист в области информатики и вычислительной техники  |c доцент Томского политехнического университета, кандидат технических наук  |f 1950-  |g Ольга Ефимовна  |3 (RuTPU)RU\TPU\pers\25862  |9 11730 
801 1 |a RU  |b 63413507  |c 20081106  |g PSBO 
801 2 |a RU  |b 63413507  |c 20160426  |g RCR 
942 |c BK